| 000 | 00590nam a22001337a 4500 | ||
|---|---|---|---|
| 040 | _cRUA | ||
| 082 | _aAGR NOU 2009 B041 Or.1 | ||
| 100 | _aNOU, CHHAVY. | ||
| 245 | _acoconut potential in angtasoum commune tramkak district takeo province (សក្តានុពលដំណាំដូង នៅឃុំអង្គតាសោម ស្រុកត្រាំកក់ ខេត្តតាកែវ) | ||
| 260 |
_aPhnom Penh _bRUA _c2009 |
||
| 300 |
_axiv, 70p. _bill. _c29cm. |
||
| 856 | _uhttps://drive.google.com/file/d/1k6TU3IvG9xIYBnNjkxa7vVw5DHv64ZjO/view?usp=sharing | ||
| 942 | _cAGR | ||
| 999 |
_c914 _d914 |
||